Pięć najwyżej położonych państw według kontynentu - Statystyki

Ogólne statystyki
  • Ten quiz został rozwiązany 14 756 razy
  • Średni wynik to 21 z 30
Statystyki odpowiedzi
Kontynent Metry Punkt Państwo % Poprawnych
Azja 8,848 Mount Everest Chiny
91%
Ameryka Północna 6,191 Denali Stany Zjednoczone
91%
Ameryka Północna 5,959 Mount Logan Kanada
90%
Oceania 2,228 Góra Kościuszki Australia
88%
Ameryka Północna 5,636 Orizaba Meksyk
88%
Europa 4,634 Monte Rosa Szwajcaria
86%
Ameryka Południowa 6,893 Ojos del Salado Chile
85%
Europa 4,810 Mont Blanc Francja
85%
Europa 4,810 Mont Blanc Włochy
85%
Ameryka Południowa 6,960 Aconcagua Argentyna
83%
Europa 3,798 Großglockner Austria
83%
Azja 8,848 Mount Everest Nepal
83%
Oceania 3,724 Góra Cooka Nowa Zelandia
83%
Azja 8,586 Kanczendzonga Indie
82%
Europa 5,642 Mount Elbrus Rosja
82%
Ameryka Południowa 6,768 Huascarán Peru
80%
Ameryka Południowa 6,542 Sajama Boliwia
75%
Ameryka Południowa 6,267 Chimborazo Ekwador
71%
Azja 7,570 Gangkhar Puensum Bhutan
66%
Afryka 5,199 Mount Kenia Kenia
64%
Azja 8,611 K2 Pakistan
63%
Afryka 5,109 Góra Stanleya Demokratyczna Republika Konga
60%
Oceania 4,509 Góra Wilhelma Papua-Nowa Gwinea
57%
Afryka 5,892 Kilimandżaro Tanzania
57%
Ameryka Północna 4,220 Tajumulco Gwatemala
54%
Afryka 4,550 Ras Daszan Etiopia
50%
Ameryka Północna 3,820 Cerro Chirripó Kostaryka
47%
Afryka 5,109 Góra Stanleya Uganda
44%
Oceania 1,877 Mount Tabwemasana Vanuatu
39%
Oceania 2,335 Mount Popomanaseu Wyspy Salomona
37%
Nie znaleziono quizów pasujących do podanych kryteriów
Rozkład punktacji
Procent ludzi z każdym wynikiem
Percentyl według liczby udzielonych odpowiedzi
Twoja historia wyników
Nie rozwiązałeś tego quizu